Countries With Names that Don't Contain A or E - Statistics

General Stats
  • This quiz has been taken 58 times
  • The average score is 4 of 8
Answer Stats
Answer % Correct
Togo
76%
Fiji
72%
Morocco
60%
Kosovo
52%
Cyprus
42%
Burundi
40%
Comoros
38%
Djibouti
36%
No matching quizzes found
Score Distribution
Percent of People with Each Score
Percentile by Number Answered
Your Score History
You have not taken this quiz